Science Quiz

Random Science Quiz

ALS Salbutamol Administration for Bronchoconstriction Quiz Stats

 Plays Quiz not verified by Sporcle

Also try: Science Mismatch
Challenge
Share
Tweet
Embed
Score 0/10 Timer 10:00
0 Plays Today
Hint Answer % Correct
Dose for NEB (pt ≥25kg)5 mg
100%
IndicationRespiratory distress
83.3%
Dose for MDI (pt less than 25kg)Up to 600 mcg (6 puffs)
83.3%
Dose for MDI (pt ≥25 kg)Up to 800 mcg (8 puffs)
83.3%
Dose for NEB (pt less than 25kg)2.5 mg
83.3%
IndicationSuspected bronchoconstriction
66.7%
ContraindicationAllergy or sensitivity to salbutamol
66.7%
Dosing interval5-15 min. PRN
66.7%
What does PRN stand for?as needed
66.7%
Max. # of doses3
66.7%

You're not logged in!

Compare scores with friends on all Sporcle quizzes.
Join for Free
OR
Log In

You Might Also Like...

Show Comments

Extras

Created Apr 27, 2015ReportNominate
Tags:administration, als

Top Quizzes Today


Score Distribution

Your Account Isn't Verified!

In order to create a playlist on Sporcle, you need to verify the email address you used during registration. Go to your Sporcle Settings to finish the process.

Report this User

Report this user for behavior that violates our Community Guidelines.

Details: